000 00438 a2200157 4500
001 67325
020 _a8532628478
040 _cAnchieta - Pituba
100 _aAntunes, Celso
240 1 0 _aCasos, fábulas, anedotas ou inteligências, capacidades, competências
_lpor
245 1 0 _aCasos, fábulas, anedotas ou inteligências, capacidades, competências
300 _a184p.
362 0 _a2004
650 4 _aEducação
942 _cBK
999 _c67325
_d67325